| 000 | 00667nam a2200193 i 4500 | ||
|---|---|---|---|
| 001 | 21897 | ||
| 003 | ES-MaACL | ||
| 005 | 20250819074033.0 | ||
| 007 | t| | ||
| 008 | 021128s1961 gw ||||1| spa d | ||
| 245 | 0 | 0 |
_aAlemania hoy : _beconomía y comercio exterior. |
| 260 |
_a[Bonn] : _bOficina de Prensa e Información del Gobierno Federal, _c[1961] |
||
| 300 |
_a36 p. : _bil. ; _c21 cm. |
||
| 651 | 4 |
_aAlemania (República Federal)- _xSituación económica. _97677 |
|
| 651 | 4 |
_aAlemania- _xComercio exterior. _9164404 |
|
| 710 | 1 |
_aAlemania (República Federal). _bPresse- und Informationsamt _9174284 |
|
| 852 | 4 |
_aES-MaACL _jC-24865 |
|
| 999 |
_c21897 _d21897 |
||